Law nº 9,433 of january 8, 1997 National water resource policy (Registro nro. 5583)

Detalles MARC
000 -CABECERA
Campo de control 00317nam a2200133 a 4500
090 ## - CLASIFICACIÓN LOCAL
Colección LB
Consecutivo 04849
041 ## - IDIOMA
Código de idioma para texto/pista de sonido o título separado Inglés
245 ## - MENCION DE TITULO
Título Law nº 9,433 of january 8, 1997 National water resource policy
250 ## - MENCION DE EDICION
Mención de edición 2da ed.
260 ## - PUBLICACION, DISTRIBUCION, ETC. (PIE DE IMPRENTA)
Lugar de publicación, distribución, etc. Brasilia
Nombre del editor, distribuidor, etc. MMA
-- SRH
Fecha de publicación, distribución, etc. 1999
300 ## - DESCRIPCION FISICA
Extensión 40 p.
942 ## - ELEMENTOS ADICIONALES (KOHA)
Tipo de ítem
945 ## - PROCESAMIENTO LOCAL
AAAA-MM-DD - Fecha de ingreso o modificacion 2007-06-12
Existencias
Withdrawn status Lost status Sistema de Clasificación Damaged status No para préstamo Colección Ubicación Permanente Ubicación actual Fecha de adquisición Fuente de Valor Total Checkouts Número topográfico Inventario / Código de Barras Date last seen Ejemplar Price effective from Tipo de material
    Dewey Decimal Classification     General Villa de Leyva Villa de Leyva 12/06/2007 Doyle, Peter; López, Susana   LB-04849 024478 04/12/2012 Ej.1 04/12/2012 Folleto